Quiz sulle Kiribati - Statistics

Statistiche generali
  • Questo quiz è stato fatto 377 volte
  • Il punteggio medio è 9 su 14
Statistiche sulle risposte
Hint Risposta % Corretto
Inglese
100%
Paese da cui Kiribati ha ottenuto l'indipendenza nel 1979 Regno Unito
94%
Paese che ha occupato parti di Kiribati dal 1941 al 1943 Giappone
89%
Ogni anno, Kiribati è il primo paese a celebrare questa festa Capodanno
81%
Paese che si è separato da Kiribati per diventare indipendente nel 1976 Tuvalu
78%
Senza contare i territori esterni, Kiribati è l'unico paese al mondo che ha territorio in tutti e quattro gli _____ Emisferi
68%
Capitale South Tarawa
67%
Numero di specie di mammiferi che si trovavano sulle isole prima dell'insediamento umano 0
62%
Insieme alle Maldive, Kiribati è uno dei paesi che è più soggetto al rischio di questo fenomeno globale Cambiamento climatico
59%
Prodotto alimentare che rappresenta il 91% delle esportazioni Pesce
47%
Lingue ufficiali Gilbertese
41%
Le isole di Kiribati sono atolli, nel senso che sono formate da ... Corallo
34%
Tipo di uccello che appare sulla bandiera di Kiribati (suggerimento: un tipo di nave) {Fregata} Magnifica
26%
Isola che rappresenta quasi la metà dell'area di Kiribati, visitata dal Capitano Cook il 24 dicembre 1777 Kiritimati (Isola del Natale)
23%
Nessun quiz corrispondente trovato
Distribuzione punteggi
Percentuale di utenti per punteggio
Percentile per numero di risposta
I tuoi punteggi nel tempo
Non hai fatto questo quiz